[Event "Pan American-ch School U15 12th"]
[Site "Callao"]
[Date "2023.10.16"]
[Round "2"]
[White "Vasquez Fernandez, Niels Johann"]
[Black "Huertas Poma, Adrian Antonio"]
[Result "1-0"]
[WhiteElo "1160"]
[BlackElo "1399"]
[PlyCount "45"]
[EventDate "2023.10.16"]
[EventType "swiss"]
[EventRounds "9"]
[EventCountry "PER"]
[SourceTitle "Mega2024 Update 01"]
[Source "Chessbase"]
[SourceDate "2023.11.12"]
[SourceVersion "1"]
[SourceVersionDate "2023.11.12"]
[SourceQuality "1"]

1. d4 Nf6 2. Bf4 d5 3. Nf3 e6 4. e3 Bd6 5. Bg3 c5 6. c3 Ne4 7. Nbd2 Nxg3 8. hxg3 Nc6 9. dxc5 Bxc5 10. Bb5 Qb6 11. Bxc6+ bxc6 12. Qc2 h6 13. 0-0 0-0 14. c4 Ba6 15. Rfe1 Rac8 16. Ne5 Rfd8 17. Rab1 Bb4 18. c5 Qb8 19. Ndf3 Ba5 20. b4 Bc7 21. Nxc6 Qa8 22. b5 Bxb5 23. Ne7+ 1-0